History Quiz

Random History or Europe Quiz

The Struggle Is Real - Monarchs & Royals Quiz Stats

 Plays Quiz Updated Jan 9, 2019

Support Sporcle.
Go Orange.
Score 0/20 Timer 06:00
0 Plays Today
% Correct
Henry VIII
86.9%
Marie Antoinette
86.9%
Ivan IV
86.4%
Louis XIV
84.2%
Nicholas II
82.1%
Victoria
81.3%
Edward VIII
79.6%
Mary, Queen of Scots
78.5%
Wilhelm II
75.2%
Mary I
74.9%
% Correct
John
71.9%
Catherine II
70.8%
Richard III
68.7%
Eleanor of Aquitaine
65.4%
Leopold II
61.7%
Philip II
53.8%
Philip IV
36.3%
Empress Matilda
34.8%
Manuel II
34.4%
Wilhelmina
33.3%

You're not logged in!

Compare scores with friends on all Sporcle quizzes.
OR
Log In
Forgot?

From the Vault

22 Royal Movies

by Larryholmes79

Movies 7m
Every one of these movies deserves a scepter and a crown.
Remove Ads.
Support Sporcle.
Get the best of Sporcle when you Go Orange. This ad-free experience offers more features, more stats, and more fun while also helping to support Sporcle. Thank you for becoming a member.

Show Comments

Extras

Top Quizzes Today


Score Distribution

Your Account Isn't Verified!

In order to create a playlist on Sporcle, you need to verify the email address you used during registration. Go to your Sporcle Settings to finish the process.

Report this User

Report this user for behavior that violates our Community Guidelines.

Details: